Welcome to WEB OPAC of MRSPTU Central Library

Statistical mechanics (Record no. 5014)

MARC details
000 -LEADER
fixed length control field 00440nam a2200181Ia 4500
008 - FIXED-LENGTH DATA ELEMENTS--GENERAL INFORMATION
fixed length control field 230711s9999||||xx |||||||||||||| ||und||
020 ## - INTERNATIONAL STANDARD BOOK NUMBER
International Standard Book Number 978-81-224-3354-8
041 ## - LANGUAGE CODE
Language code of text/sound track or separate title ENG
082 ## - DEWEY DECIMAL CLASSIFICATION NUMBER
Classification number 530.13
Item number AG-S
100 ## - MAIN ENTRY--PERSONAL NAME
Personal name Agarwal,B.K
245 #0 - TITLE STATEMENT
Title Statistical mechanics
250 ## - EDITION STATEMENT
Edition statement 3rd . Ed.
260 ## - PUBLICATION, DISTRIBUTION, ETC.
Date of publication, distribution, etc. 2013
Place of publication, distribution, etc. New Delhi
Name of publisher, distributor, etc. New Age International Publishers
300 ## - PHYSICAL DESCRIPTION
Extent 280
650 ## - SUBJECT ADDED ENTRY--TOPICAL TERM
Topical term or geographic name entry element Physics
700 ## - ADDED ENTRY--PERSONAL NAME
Personal name Melvin,Eisner
942 ## - ADDED ENTRY ELEMENTS (KOHA)
Koha item type Book
Holdings
Withdrawn status Lost status Damaged status Not for loan Collection Home library Current library Date acquired Total checkouts Full call number Barcode Date last seen Price effective from Koha item type
          MRSPTU Central Library MRSPTU Central Library     530.13 AG-S 18553 08/17/2023 08/17/2023 Book
          MRSPTU Central Library MRSPTU Central Library     530.13 AG-S 18554 08/17/2023 08/17/2023 Book
          MRSPTU Central Library MRSPTU Central Library     530.13 AG-S 20826 08/17/2023 08/17/2023 Book
          MRSPTU Central Library MRSPTU Central Library     530.13 AG-S 20827 08/17/2023 08/17/2023 Book
          MRSPTU Central Library MRSPTU Central Library     530.13 AG-S 20828 08/17/2023 08/17/2023 Book
          MRSPTU Central Library MRSPTU Central Library     530.13 AG-S 20829 08/17/2023 08/17/2023 Book
          MRSPTU Central Library MRSPTU Central Library     530.13 AG-S 20830 08/17/2023 08/17/2023 Book
          MRSPTU Central Library MRSPTU Central Library     530.13 AG-S 31231 08/17/2023 08/17/2023 Book
          MRSPTU Central Library MRSPTU Central Library     530.13 AG-S 31232 08/17/2023 08/17/2023 Book
          MRSPTU Central Library MRSPTU Central Library     530.13 AG-S 31233 08/17/2023 08/17/2023 Book
          MRSPTU Central Library MRSPTU Central Library     530.13 AG-S 34223 08/17/2023 08/17/2023 Book
          MRSPTU Central Library MRSPTU Central Library     530.13 AG-S 34224 08/17/2023 08/17/2023 Book
          MRSPTU Central Library MRSPTU Central Library     530.13 AG-S 34225 08/17/2023 08/17/2023 Book
          MRSPTU Central Library MRSPTU Central Library     530.13 AG-S 34226 08/17/2023 08/17/2023 Book
          MRSPTU Central Library MRSPTU Central Library     530.13 AG-S 34227 08/17/2023 08/17/2023 Book

Website Designed and Developed by MRSPTU Central Library Team

E-mail Id: librarian@mrsptu.ac.in